000 00217 a2200097 4500
001 23633
100 _aGoswami, P.C
245 _aEconomic development of assam
260 _a
_bAsia Pub house
_c
090 _c16015
_d16015
942 _aNUST-CAE
_cM
_c6687
999 _c258706
_d258706